000 00302nam a2200121Ia 4500
005 20260328101522.0
008 260328s9999||||xx |||||||||||||| ||und||
245 0 _aItalian high Design and high technology /
260 _bSprint Lazio
300 _a215 p.
650 _aARQUITECTURA REGIONAL
942 _cBK
999 _c9628
_d9628